000 00825cam a22002651 4500
001 2037
003 BD-RjUL
005 20211208233453.0
008 131210s1965 ilu b 000 0 eng
035 _a(BD-RjUL)2064
035 _a(OCoLC)255456
040 _aDLC
_cODaWU
_dOCoLC
_dDLC
_dBD-RjUL
_beng
041 _aeng
082 0 0 _a301.15
_bHUM 1966
245 1 0 _aHuman behavior and international politics :
_bcontributions from the social-psychological sciences /
_cEdited by J. David Singer.
260 _aChicago,
_bRand McNally
_c[1965].
300 _axiii, 466 p. ;
_c24 cm.
490 0 _aRand McNally political science series
504 _aBibliography: p. 458-466.
650 0 _aSocial psychology.
_96680
700 1 _aSinger, J. David
_96681
942 _2ddc
_cBK
999 _c2037
_d2037